[Event "FIDE-Wch k.o."]
[Site "Groningen"]
[Date "1997.12.11"]
[Round "2.1"]
[White "Short, Nigel D"]
[Black "Kortschnoj, Viktor Lvovich"]
[Result "1/2-1/2"]
[WhiteElo "2660"]
[BlackElo "2610"]
[Annotator "Finkel,A"]
[PlyCount "67"]
[EventDate "1997.12.09"]
[EventType "k.o."]
[EventRounds "7"]
[EventCountry "NED"]
[SourceTitle "CBM 063"]
[Source "ChessBase"]
[SourceDate "1998.03.26"]
[SourceVersion "1"]
[SourceVersionDate "1998.03.26"]
[SourceQuality "1"]

1. e4 e6 2. d4 d5 3. Nc3 Nf6 4. e5 Nfd7 5. f4 c5 6. Nf3 Nc6 7. Be3 cxd4 8. Nxd4
Bc5 9. Qd2 Bxd4 10. Bxd4 Nxd4 11. Qxd4 Qb6 12. Qxb6 {One of the three main
continuations in this variation.} (12. O-O-O) (12. Nb5 $5) 12... Nxb6 13. a4 $5
a5 (13... Ke7 14. a5 Nd7 15. Kd2 g5 16. g3 gxf4 17. gxf4 f6 18. Rg1 $11 (18.
exf6+ Nxf6 19. Bd3 (19. Rg1 Bd7 $14) 19... Bd7 20. Ne2 Rhg8 21. Rhg1 Kd6 22. c3
{1/2-1/2 Short,N-Timman,J/Novgorod 1995/CBM 48}) 18... fxe5 19. Bh3 $6 (19. Re1
$5 $11) 19... exf4 20. Rae1 Nf8 $6 $11 {Kasparov,G-Bareev,E/Novgorod 1997/1-0 
(73)}) (13... Bd7 $6 {Georgiev,Ki} 14. a5 $14 Nc8 15. Bd3 Ne7 16. Nb5 $6 Bxb5
17. Bxb5+ Kd8 18. a6 $6 b6 $15 {Betko,L-Lembak,J/SVK-chT 1994/0-1 (65)}) 14.
Kd2 {More ambitious is} (14. Nb5 Ke7 15. b3 f6 $1 (15... Bd7 16. Kd2 {/\ Re1,
Nd4+/-}) 16. exf6+ (16. Kd2 fxe5 17. fxe5 Bd7 {><e5}) 16... gxf6 17. Kd2 Bd7
18. Re1 $1 $14 {with certain opening advantage;Georgiev,K-Gurevich,M/Manila 
(izt) 1990 (40)}) 14... Bd7 15. b3 ({Of course not} 15. Nb5 Bxb5 $1 16. Bxb5+
Ke7 17. b3 Rac8 $11 {and black has no opening problems.}) 15... Ke7 16. Re1 (
16. Bd3 $5 Rag8 (16... h5 $5) 17. g4 h5 18. h3 g6 19. Ne2 g5 $5 (19... hxg4 20.
hxg4 g5 21. Rxh8 $1 (21. f5 $6 f6 22. exf6+ Kxf6 23. fxe6 Bxe6 24. Raf1+ Ke5
25. Rxh8 Rxh8 26. Bf5 Rf8 $11) 21... Rxh8 22. fxg5 Rg8 23. g6 Be8 $5 {[%csl
Re5]} 24. Nd4 $1 Nd7 25. Nf3 fxg6 26. Rh1 Rf8 27. Ke3 $14) 20. f5 f6 $5 21.
exf6+ Kxf6 22. fxe6 (22. Ng3 hxg4 $1 23. hxg4 e5 $132) 22... Kxe6 (22... Bxe6
$6 23. Rhf1+ Ke5 24. Rae1 Kd6 25. Nd4 $16 {[%csl Rb6,Re6][%cal Gf1f6]}) 23. Ng3
hxg4 24. hxg4 Kd6 25. Bf5 $14) 16... Rag8 {[%cal Gg7g5]} 17. h4 h6 18. Bd3 $6 {
Giving black the possibility to transfer g5 and to equalize.Deserved attention}
(18. g4 $5 g5 $6 (18... h5 $1 19. g5 $5 (19. gxh5 Rxh5 20. Be2 Rh7 21. h5 (21.
Bf3 Rgh8 22. h5 Bc6 23. Ne2 Nd7 24. Ng3 Nc5 $13) 21... d4 $1 22. Ne4 Nd5 $132)
19... g6 20. Rb1 Bc6 21. Ne2 Rb8 22. Nd4 Rhc8 23. Rh3 $14 {[%cal Gb3b4,Gh3b3]})
19. fxg5 hxg5 20. h5 Rh6 21. Bd3 Bc6 (21... f6 22. exf6+ Kxf6 23. Rhf1+ Kg7 24.
Re5 Kh8 25. Rf7 $16 {[%csl Rb6,Rd7,Re6][%cal Gc3e2,Ge2d4,Gd4e6]}) 22. Ne2 Nd7
23. Nd4 $14) 18... g5 $1 $11 19. hxg5 hxg5 20. g3 (20. Rxh8 Rxh8 21. fxg5 Rh5
$1 $11) 20... Bc6 {Bringing the knight into the game.} 21. Rxh8 Rxh8 22. Ne2
Nd7 23. Nd4 Rh3 $1 {Afer this move the draw is inevitable:white has to
exchange the remaining pieces and neither side can make a progress.} 24. Rg1
gxf4 25. gxf4 Rh4 26. Ke3 Rh3+ 27. Kf2 (27. Nf3 $4 d4+ $19) 27... Nc5 28. Rg3
Rxg3 29. Kxg3 Nxd3 30. cxd3 f6 31. Kf3 fxe5 32. fxe5 Bd7 33. Ke3 Kf7 34. Kf4
1/2-1/2

[Event "Zuerich Kortschnoj KO"]
[Site "Zuerich"]
[Date "2001.04.29"]
[Round "1.1"]
[White "Kasparov, Garry"]
[Black "Kortschnoj, Viktor Lvovich"]
[Result "1-0"]
[WhiteElo "2827"]
[BlackElo "2643"]
[Annotator "Finkel,A"]
[PlyCount "51"]
[EventDate "2001.04.29"]
[EventType "k.o. (rapid)"]
[EventRounds "3"]
[EventCountry "SUI"]
[SourceTitle "CBM 083"]
[Source "ChessBase"]
[SourceDate "2001.07.05"]
[SourceVersion "1"]
[SourceVersionDate "2001.07.05"]
[SourceQuality "1"]

1. e4 e6 2. d4 d5 3. Nc3 Nf6 4. Bg5 Be7 5. e5 Nfd7 6. h4 {This continuation
used to be popular about 60 years ago,but now it's considered absolutely
harmless and frankly speaking not without a reason!} Bxg5 7. hxg5 Qxg5 8. Qd3 {
Probably the best move in the position;others promise white even less:} (8. Nf3
Qe7 9. Qd2 Nb6 (9... Nc6 10. Nb5 Nb6 11. c3 a6 12. Na3 Bd7 13. Nc2 O-O-O 14.
Bd3 h6 $15 {Csapkovics-Noble,A/St.Ingbert op 1987 (44)}) 10. g4 Bd7 11. Bd3 Nc6
12. O-O-O O-O-O 13. Kb1 Kb8 14. Rh5 Nb4 $15 {Steiner,B-Seitz,H/Mittelfranken
1985}) (8. Rh5 $5 Qe7 9. Qg4 f5 10. Qh3 Nf8 11. O-O-O Bd7 12. g4 fxg4 13. Qxg4
Nc6 14. Rg5 Rg8 15. Nge2 $44 {Velimirovic,D-Kovacevic,V/JUG-chT 1989 (28)})
8... Nc6 $6 (8... h5 9. Nf3 Qe7 10. g4 g6 11. gxh5 gxh5 12. Qe3 Nb6 13. O-O-O
Bd7 14. Be2 Nc6 15. Qf4 $1 O-O-O 16. Rdg1 $1 $14 {Hector,J-Brynell,S/Excelsior
Cup 1999. An active position of the pieces and weakness of h-pawn fully
compensate white for the lack of pawn.}) (8... g6 9. Nf3 Qe7 10. Qe3 Nc6 (10...
a6 11. O-O-O c5 (11... Nc6 12. Rh6 Nb6 13. Qg5 Bd7 14. Qf6 O-O-O 15. Ng5 Qxf6
16. exf6 Be8 17. Rxh7 Rxh7 18. Nxh7 $13 {Nataf,I-Kovacevic,V/Solin 1997}) 12.
dxc5 Qxc5 13. Nd4 Nc6 14. f4 Nxd4 15. Rxd4 b5 16. Qd2 Bb7 17. Rh3 Nb6 18. Nd1
Rc8 $15 {Nataf,I-Thorhallsson,T/Mermaid Beach Club 1999}) 11. O-O-O Nb6 12. Ng5
(12. Rh6 $5 Bd7 13. Qg5 Qxg5+ 14. Nxg5 Ke7 15. Nxh7 Rac8 16. f4 $14 {Hector,
J-Brynell,S/Malmo 1993}) 12... Bd7 13. Nxh7 O-O-O 14. Be2 Be8 15. a3 Kb8 16.
Bb5 $14 {Hector,J-Fries Nielsen,J/Stavanger op 1991 (40)}) 9. Nf3 Qg6 (9... Qg4
$2 10. Nb5 $1 Kd8 11. Rxh7 Rxh7 12. Qxh7 $16) 10. Qxg6 fxg6 11. Nb5 Ke7 ({
Black can't keep the pawn by} 11... Kd8 {because of} 12. Ng5 $16 {[%csl Re6]
[%cal Gg5f7] and white threatens too many things for black to defend.}) 12.
Nxc7 Rb8 13. Nb5 $14 {Better pawn structure and much better bishop promise
white steady advantage.} Nb6 14. c3 Bd7 15. Bd3 Na5 16. b3 $1 {[%csl Gc4]
Black knights are awkwardly placed on b6 and e5 and there is no reason to let
them ''join the party''!} Bxb5 $6 17. Bxb5 h6 $6 {It seems that black stands
not so badly: he intends to play g5 and weakness of white pawn on c3 gives him
an opportunity to gain an important tempo after 18.Nh4,but he misses very
simple,but crucial thing...} 18. Nh4 $1 Rhc8 19. Rh3 g5 {Going right into trap,
but black is lost in any case.} (19... a6 20. Nxg6+ Kf7 21. Rf3+ $1 (21. Bd3
Rxc3 22. Rf3+ Kg8 23. Ne7+ Kh8) 21... Kxg6 22. Bd3+ Kg5 23. Rg3+ $1 Kf4 (23...
Kh5 24. Ke2 Rxc3 25. Rh1#) 24. Kd2 $1 g5 25. Rf3+ Kg4 26. Rf6 $1 $18 {[%cal
Gd3e2,Ga1h1]}) 20. Ng6+ Kf7 21. Rf3+ $1 $18 Kxg6 (21... Kg8 22. Ne7+ $18) 22.
Bd3+ Kh5 23. Rh3+ Kg4 24. f3+ Kf4 25. Kf2 $1 g4 26. g3+ (26. g3+ Kg5 27. f4#)
1-0

[Event "Zuerich m rap"]
[Site "Zuerich"]
[Date "2015.02.15"]
[Round "1"]
[White "Uhlmann, Wolfgang"]
[Black "Kortschnoj, Viktor Lvovich"]
[Result "1-0"]
[WhiteElo "2326"]
[BlackElo "2499"]
[Annotator "Sagar Shah"]
[PlyCount "114"]
[EventDate "2015.02.15"]
[EventType "match (rapid)"]
[EventRounds "4"]
[EventCountry "SUI"]
[SourceTitle "CBM 164 Extra"]
[Source "ChessBase"]
[SourceDate "2015.03.02"]
[SourceVersion "1"]
[SourceVersionDate "2015.03.02"]
[SourceQuality "1"]

1. c4 {Uhlmann's main weapon} e5 2. Nc3 Nf6 3. Nf3 Nc6 {The Four Knight's
Variation of the English is a classical opening which has a rich history
behind it. Both the players are of course very well versed with the strategic
plans in this position.} 4. g3 Bb4 (4... Nd4 {was a move founded by Korchnoi.}
5. Nxe5 Qe7 6. f4 (6. Nd3 Nf3#) 6... d6 7. Nd3 Bf5 $44 {with excellent
compensation.}) 5. Bg2 (5. Nd5 {is another possibility.}) 5... O-O 6. O-O Re8 (
6... e4 7. Ne1 {is Uhlmann's pet weapon in the English.} Bxc3 8. dxc3 h6 9. Nc2
Re8 10. Ne3 $13 {With a complex game.}) 7. d3 h6 {Preventing Bg5.} 8. Bd2 a5 9.
e4 $6 {This weakens the dark squares in the center and Korchnoi makes
excellent use of the d4 square.} (9. a3 {could have been better.} Bxc3 10. Bxc3
a4 $11) 9... d6 10. Nd5 $6 (10. h3 {Preventing Bg4 was better because the
knight on f3 is extremely necessary to defend the weak d4 square.}) 10... Bxd2
11. Qxd2 Bg4 $1 12. h3 Bxf3 13. Bxf3 Nd4 14. Nxf6+ Qxf6 $17 {It usually
happens in chess that the superior player ends up with a better minor piece.
In this position you can see that Black has a beautiful knight on d4 as
opposed to the passive light squared bishop. This would have been a
technically winning position for a young Korchnoi. But at the age of 84 things
are not so simple any more.} 15. Bg2 Qg5 $1 16. Qd1 (16. Qxg5 hxg5 {would have
left White without any counterplay.}) 16... c6 17. Kh2 {Defending the g3 pawn
in order to go for counterplay with f4.} f5 $6 {With this move Korchnoi opens
up the diagonal for the g2-bishop. This was not the best decision. Korchnoi
could have just played on the queenside without touching his pawns on the
kingside. For.eg} (17... Qe7 18. f4 a4 19. Rf2 Reb8 {Angling for b5 without
touching the kingside pawns.} 20. Qg4 b5 21. Raf1 bxc4 22. dxc4 Ra7 23. fxe5
dxe5 24. Rxf7 Qxf7 25. Rxf7 Rxf7 $19) 18. exf5 Qxf5 19. f4 exf4 20. Rxf4 {
White has gained a lot of counterplay. His g2-bishop is now active and the
knight on d4 is not so stable any more.} Qc5 21. Qg4 Ne6 22. Re4 Ng5 23. Rxe8+
Rxe8 24. Rf1 Qe5 25. h4 Ne6 26. Rf2 Qd4 $2 ({A better line of play could be} 
26... h5 27. Qf5 Qxf5 28. Rxf5 Nc5 29. d4 Nd3 30. Rxh5 a4 $11) 27. Qf5 Kh8 28.
Be4 (28. Re2 $1 {could have led to a winning endgame after} Qf6 29. Qxf6 gxf6
30. Bh3 Nc7 31. Rxe8+ Nxe8 32. Bc8 b5 33. Bd7 Ng7 34. Bxc6 $18) 28... g6 {
The only defence.} 29. Qf6+ Qxf6 30. Rxf6 d5 $2 (30... Nc5 {Black could have
posed more difficulties with} 31. Rxg6 Nxe4 32. dxe4 Rxe4 33. Rxh6+ Kg8 34.
Rxd6 Re2+ 35. Kh3 Rxb2 36. Rd8+ Kf7 37. h5 Rxa2 38. g4 $16 {This seems like a
winning endgame for White, but as with all rook endgames this one is also not
so simple.}) 31. cxd5 cxd5 32. Bxd5 {White is simply a pawn up and confidently
went on to convert this endgame.} Nc5 33. d4 Rd8 34. dxc5 Rxd5 35. Rxg6 h5 36.
Rb6 Rxc5 37. Rxb7 Rd5 38. Kg2 Kg8 39. Kf3 Rd3+ 40. Kf4 a4 41. Rb5 a3 42. bxa3
Rxa3 43. Rxh5 Rxa2 44. Re5 Kg7 45. Kg5 Ra7 46. h5 Kh7 47. g4 Kg7 48. Re4 Rb7
49. h6+ Kg8 50. Kh5 Rb8 51. g5 Kh8 52. g6 Kg8 53. Re6 Ra8 54. Kg5 Rb8 55. Re7
Ra8 56. h7+ Kh8 57. Kh6 Ra6 1-0

[Event "Cannes Generations"]
[Site "Cannes"]
[Date "1998.??.??"]
[Round "1"]
[White "Kortschnoj, Viktor Lvovich"]
[Black "Nataf, Igor Alexandre"]
[Result "0-1"]
[WhiteElo "2625"]
[BlackElo "2485"]
[Annotator "Huzman,A"]
[PlyCount "164"]
[EventDate "1998.02.21"]
[EventType "schev"]
[EventRounds "8"]
[EventCountry "FRA"]
[SourceTitle "CBM 065"]
[Source "ChessBase"]
[SourceDate "1998.08.06"]
[SourceVersion "1"]
[SourceVersionDate "1998.08.06"]
[SourceQuality "1"]

1. d4 Nf6 2. c4 g6 3. Nc3 Bg7 4. e4 d6 5. Be2 O-O 6. Nf3 e5 7. O-O Nc6 8. d5
Ne7 9. Ne1 Nd7 10. Be3 f5 11. f3 f4 12. Bf2 g5 13. Rc1 Rf6 14. b4 a6 (14... Rh6
15. c5 Nf6 16. cxd6 cxd6 17. Nb5 $16) 15. c5 Rh6 16. Na4 {With this move the
white prevent movement Nd7 to f6 and that's why Ra8 and Bc8 are also out of
the game.} (16. cxd6 $6 cxd6 17. g4 $6 fxg3 18. hxg3 Ng6 (18... Qe8 $5 19. g4
Ng6 20. Nd3 Nf4 21. Nxf4 exf4 $17) 19. Ng2 Nf4 $3 $17 {0-1 Speelman,J-Uhlmann,
W/White Knights 1984 (37)}) (16. c6 $5 bxc6 17. dxc6 Nf6 18. Bc4+ Kh8 19. Qb3
g4 20. fxg4 Nxg4 21. Nf3 Bf6 22. Be6 Nxf2 23. Bxc8 Qxc8 24. Rxf2 Qg4 $132 {
0-1 Breahna,R-Olimid,S/ROM-chT 1993 (51)}) (16. Nd3 Qe8 17. Be1 Qh5 18. h3 Nxc5
19. bxc5 Bxh3 20. Rf2 Bd7 21. Rf1 Bf6 22. Bd2 Qh2+ 23. Kf2 Qg3+ 24. Kg1 Rh2 25.
Rf2 Qh4 {0-1 Ramos,V-Bologan,V/Las Palmas Pirez 1993}) 16... Qe8 17. Kh1 Qh5
18. Bg1 Qh4 {[%cal Yd7f6,Yf6h5,Yh5g3]} 19. Nd3 $1 b5 (19... Nf6 20. Qe1 Nh5 21.
Qxh4 gxh4 22. Nf2 $1 (22. Bf2 Ng3+ 23. hxg3 (23. Bxg3 hxg3 24. h3 $14) 23...
hxg3+ 24. Kg1 gxf2+ 25. Nxf2 $14) 22... Bd7 (22... Ng3+ 23. hxg3 hxg3+ 24. Nh3
$18) 23. cxd6 cxd6 24. Nb6 $18) 20. cxb6 cxb6 21. Qe1 (21. Rc7 $5 b5 22. Nc3
Bf8 {[%cal Yd7f6,Yf6h5,Yh5g3]} 23. Qe1 $14) 21... Qh5 22. Nf2 $1 {[%cal Gf2g4]}
b5 23. Nc3 (23. Nb2 $5 Nf6 24. Rc7) 23... Nf6 24. a4 bxa4 25. Bd1 (25. Nxa4 Qe8
(25... Rb8 $5 {[%cal Yh5e8]}) 26. Nb6 Nh5 27. Nh3 Bxh3 28. gxh3 Rb8 (28... Ng3+
29. hxg3 Rxh3+ 30. Kg2 Rxg3+ 31. Kh1 (31. Qxg3 fxg3 32. Nxa8 Qxa8 33. Ra1 Ng6
$36)) 29. Kg2 Nf6 $40 {[%cal Ye8h5]}) 25... Qe8 {[%cal Yf6h5,Yh5g3]} (25... a3
26. Na4 Qe8 27. Ng4 Nxg4 28. fxg4 $36 {[%cal Ga4b6] <<}) 26. Ng4 Nxg4 27. fxg4
Bd7 28. Ra1 Rb8 29. Nxa4 Bb5 30. Rf3 {Black's attack on the king`s side
stopped now and they should start regrouping their pieces to defence
weaknesses on the queen`s side.} Ng6 31. Rc3 Nh4 32. Nb6 Rf6 33. Rac1 Rf8 34.
Bf2 (34. Nc8 $5 Rxc8 (34... Qd8 35. Na7 $36) 35. Rxc8 Qxc8 36. Rxc8 Rxc8 $44 {
[%cal Yc8c1]}) 34... Bf6 35. Qd2 $6 (35. Nc8 Rxc8 36. Rxc8 Qxc8 37. Rxc8 Rxc8
38. Qd2) 35... Bd8 36. Rc8 (36. Nc8 Qg6 {[%cal Yg6e4,Yg6d6]}) 36... Rxc8 37.
Nxc8 Qd7 {[%cal Yd7g4,Yf4f3]} 38. Kg1 h6 39. h3 (39. Na7 f3 $40 40. Bxh4 $140
gxh4 $19 {[%cal Yd8g5,Yg5c1]}) 39... f3 40. g3 Ng6 {[%cal Yh6h5]} 41. Na7 $6 (
41. Qe3 h5 42. gxh5 (42. Bxf3 h4 $44) 42... Qxh3 43. Bxf3 g4 (43... Nf4 44.
gxf4 exf4 45. Qc3 Bf6 46. e5 $1 Bxe5 47. Qc2 Qxf3 48. Qg6+ Bg7 (48... Kh8 49.
Qh6+ Kg8 50. Ne7+ Kf7 51. Qe6+ Kg7 52. Qg6+ Kh8 53. Qh6#) 49. h6 Qg4+ 50. Kh2
$18) (43... Nh4 44. Bh1 Qg4 (44... g4 45. gxh4 Rf3 46. Bg2 Rxe3 47. Bxh3 Rxh3
48. Nxd6 $18) 45. Rc3 (45. Nxd6 Nf3+ 46. Bxf3 Rxf3 47. Qe1 $5 (47. Nf5 Rxe3 48.
Nh6+ Kh7 49. Nxg4 Rxe4 $132) 47... Bb6 $140 48. Rc5) 45... Qd1+ 46. Kh2 Qf1 47.
Rc2 g4 48. gxh4 Rf3 49. Bg2 $1 g3+ 50. Bxg3 Rxe3 51. Bxf1 Bxf1 52. Nxd6 $18)
44. Qh6 (44. Be2 Qxh5 45. Bxb5 Bg5) (44. Bg2 Qxh5 $132 {[%cal Yd8g5]}) 44...
Nh4 (44... gxf3 45. Qxg6+ Kh8 46. Qh6+ Kg8 47. Qe6+ $18) 45. Qe6+ (45. gxh4
Qxf3 $132) 45... Kh8 46. Qh6+ $11) 41... h5 42. Nxb5 axb5 43. Qc3 (43. gxh5
Qxh3 44. Bxf3 Rxf3 45. hxg6 Bb6 $1 $19) 43... hxg4 44. hxg4 (44. Qc6 Qh7 45.
hxg4 Qh3 46. Bxf3 Rxf3 47. Qe8+ (47. Qxd6 Rxg3+ 48. Bxg3 Qxg3+ 49. Kh1 Qh3+ 50.
Kg1 Qxg4+ 51. Kh2 Qf4+ $19) 47... Nf8 48. Qxd8 Rxg3+ 49. Bxg3 Qxg3+ 50. Kh1
Qh3+ 51. Kg1 Qe3+ $19) 44... Qxg4 45. Qc8 $8 Qxc8 46. Rxc8 g4 $17 47. Rc6 (47.
Rb8 Bg5 48. Rxb5 Rc8 49. Kf1 Rc1 50. Ke1 Rc4 $17) 47... Be7 {[%cal Yf8a8,Ya8a1]
} 48. Bb6 Ra8 49. Ba5 Nh8 $1 {[%cal Yh8f7,Yf7d6,Ye7d8,Yf7d8]} 50. Bc2 Nf7 51.
Bd3 Bd8 $1 52. Bxd8 Rxd8 53. Ra6 (53. Bxb5 Rb8 54. Ba6 Rxb4 $19 {[%cal Yb4e4]})
53... Rc8 $1 {[%cal Yc8c1,Yf7g5,Yg5h3,Yg5e4]} 54. Bxb5 Rc1+ 55. Kf2 Ng5 56. Bd3
Rd1 $19 57. Rxd6 Nf7 58. Rg6+ Kh7 59. Rf6 Kg7 60. Rxf7+ Kxf7 61. Ba6 Rd2+ 62.
Ke3 Rb2 63. b5 Re2+ 64. Kd3 Re1 65. b6 Rb1 66. Ke3 Rb2 67. Bc8 f2 68. Ba6 Rxb6
69. Be2 Rf6 70. Bf1 Ke7 71. Ke2 Kd6 72. Kd3 Kc5 73. Ke3 Rf3+ 74. Ke2 Kd4 75. d6
Rf6 76. d7 Rd6 77. Kxf2 Rxd7 78. Be2 Rg7 79. Bd1 Kxe4 80. Ke2 Rf7 81. Ba4 Kd4
82. Bc6 e4 0-1

[Event "EU-ch 2nd"]
[Site "Ohrid"]
[Date "2001.06.14"]
[Round "13"]
[White "Minasian, Artashes"]
[Black "Kortschnoj, Viktor Lvovich"]
[Result "1/2-1/2"]
[WhiteElo "2554"]
[BlackElo "2643"]
[Annotator "Kortschnoj"]
[PlyCount "109"]
[EventDate "2001.06.01"]
[EventType "swiss"]
[EventRounds "13"]
[EventCountry "YUG"]
[SourceTitle "CBM 084"]
[Source "ChessBase"]
[SourceDate "2001.09.13"]
[SourceVersion "1"]
[SourceVersionDate "2001.09.13"]
[SourceQuality "1"]

1. e4 e6 {Psakhis: 'Old love of Victor Kortchnoi.'} 2. d4 d5 3. e5 c5 4. c3 Qb6
5. Nf3 Nc6 6. a3 c4 7. Nbd2 Na5 8. g3 Bd7 9. Bh3 ({In a recent game Grishuk
played against me} 9. h4 {followed by Bh3 what, in my opinion, looks more
reasonable.}) 9... Be7 {In fact, it is all theory - dozens of games started
from this position. Psakhis: 'Quite rare move.'} (9... Ne7 $5 {or}) (9... h6 $5
{are more common choice.}) 10. Rb1 {It does not look to be played on time.
Castling and then Ne1 looked more solid.} h5 {'!?' Psakhis.} 11. O-O (11. Nf1
$2 Bxa3) (11. Bg2 h4 12. h3 hxg3 13. fxg3 Nh6 14. g4 O-O-O 15. Nf1 Nb3 16. Bf4
f6 $13 {Etchegaray,P-Apicella,M/FRA-ch Nantes 1993/1-0 (71)}) 11... Bb5 $5 {
'N!?' Psakhis. In anticipation of coming Ne1 black is ready to answer Nb3!
Psakhis: 'Novelty in well known position. Black wants to stop b2-b3 and
preparing a typical manouevre Qc6 and Ba4.'} (11... g5 $5 12. Ne1 O-O-O 13. Bg2
Nh6 14. Qe2 Ba4 15. b4 cxb3 16. Nd3 g4 17. Re1 Kb8 $132 {0-1 Stilling,W-Van
Manen,G/corr 1990 (30)}) 12. a4 {Psakhis: 'Stops black's plan , but a4 pawn
became real target .'} Bc6 {But now after 13.Ne1 Nb3 14.Nb3 Bxa4 white will
lose a pawn!} 13. Re1 {It seems white is going to play Nf1 and then Bg5 giving
up pawn a4, but getting a strong attacking position on the right side of the
board. Because of that black begins a preemptive action.} g5 $5 14. Bf1 {
Everything is forced.} (14. g4 $2 {does not work due to} Nh6) 14... g4 15. Nh4
Bxh4 16. gxh4 Ne7 {There is a strong threat: Ne7-f5-h4. In order to stop it
white has to give up some material. And a lot!} 17. b4 ({Worth considering} 17.
Be2 $5 Nf5 $140 18. Nf1 Nxh4 19. Bg5 {[%csl Gg5] with compensation for the pawn
}) 17... cxb3 18. Bd3 (18. Nxb3 $2 Bxa4 19. Nxa5 Bxd1 20. Rxb6 axb6 21. Nxb7
Bf3 $19) 18... Ng6 ({I am not sure that after} 18... Bxa4 19. Ba3 Nec6 $5 {
[%cal Gb6d8] White have any compensation for material deficit.}) 19. Bxg6 fxg6
20. Nxb3 $1 {'!?' Psakhis. And here-there was no other move! But that weas
also taken into account by black! Psakhis: 'Beggining of interesting
combination.'} (20. Ba3 Bxa4 $17) 20... Bxa4 21. Qd3 {'!' Psakhis.} (21. Nxa5
Bxd1 22. Rxb6 axb6 23. Nxb7 Bf3 $19) 21... Bxb3 {But here there were already
other even more sharp possibilities. In full awareness black is going to give
up back a won piece in order to reduce tension of the position. Black could
play instead Psakhis: 'Most natural, but not the strongest move. After'} (21...
Nxb3 22. Qxg6+ Kd7 23. Qf7+ (23. Qg7+ Kc6 24. Qe7 Qd8 $1 {White needs good
advice, for example} 25. Qxe6+ Kc7 26. Ba3 Qd7 27. Bd6+ Kc8 28. Qxd5 Nd2 $19)
23... Kc6 (23... Kc8 $19) 24. Qxe6+ Kb5 25. Qxd5+ Ka6 {and having good nerves
one might say white's attack does not look destructive any more!}) 22. Qxg6+
Kd7 23. Qf7+ Kc8 {And now 23...Kc6 was also playable but as I have told I
would be now satisfied with a positional advantage.} 24. Ba3 {'!' Psakhis.} Qc6
(24... Rd8 25. Be7 $1) 25. Bb4 Bc2 $2 {'?!' Psakhis. Coming to this position I
was going to play here with the knight to c4 thus getting a clear positional
edge. All of a sudden I changed my mind having overestimated a strength of
black position with bishops of different colour. Psakhis: 'Both players were
already in severe time trouble which can explain possible mistakes. Black
could win quite easy in this moment - '} (25... Nc4 $1 26. Rxb3 Nd2 27. Rbb1
Qe8 28. Qg7 Qg8 29. Qe7 Rh7 $19) 26. Rb2 Bf5 27. Bxa5 b6 28. Bb4 Rh7 {Psakhis:
'It is not easy to evaulate this position.Black has better pawn structure, but
his king is not secure enough.'} (28... a5 29. Bf8 $5 Rh7 $140 30. Bg7) 29.
Qg8+ Kb7 30. Qg5 Rc8 $6 {Black is on the wrong track. He had to activate his
queen - Qc4-d3 in order, finally, to force white to exchange the queens. In
any case to weaken black king's protection is dubious.} (30... a5 31. Bc5 $1)
31. Ra1 {'<=>' Psakhis.} Qc4 32. Rba2 a5 $4 {Anything, but not this move!} (
32... Ra8 $5 {[%cal Ga7a5]}) 33. Bxa5 {'!' Psakhis.} bxa5 $6 {It would be more
prudent to make a draw by playing} (33... Ra8 34. Rb2 Rxa5 35. Rxa5 Qxc3 36.
Rab5 Qe1+ 37. Kg2 Be4+ 38. Kg3 Qg1+ 39. Kf4 Rf7+ ({Let's point out that
inclusion of moves} 39... Rf7+ 40. Qf6 {still does not yield black chances to
win.})) 34. Rxa5 {The piece sacrifice is sufficient for white to make a draw.
But in a time trouble to defend black's position is quite a task. The end of
the game is spoiled by an eternal time trouble - a novelty introduced into the
chess life by Mr. Ilumshinov. Scoresheets of the game participants bear traces
of the time scramble as well.} Rhc7 35. R1a4 Qxc3 36. Rb5+ Kc6 37. Rc5+ Qxc5
38. dxc5 Kb5 39. Ra1 Rxc5 40. Qd2 Kc6 41. Kg2 Rb8 42. Qa2 Be4+ 43. Kg1 Rcb5 44.
Rc1+ Kd7 45. Qa3 R5b6 46. h3 gxh3 47. Kh2 Bf5 48. Qg3 Rb2 49. Qg7+ Ke8 50. Qg8+
Kd7 51. Qf7+ Kd8 52. Qg8+ Kd7 53. Qf7+ Kd8 54. Qf8+ Kd7 55. Qf7+ 1/2-1/2